Драйвер IGBT-транзистора; Неразрушающий контроль: электронное приборостроение, технологии, безопасность; Т. 1

Podrobná bibliografie
Parent link:Неразрушающий контроль: электронное приборостроение, технологии, безопасность: сборник трудов IV Всероссийской научно-практической конференции студентов, аспирантов и молодых учёных, Томск, 26-30 мая 2014 г./ Национальный исследовательский Томский политехнический университет (ТПУ).— , 2014
Т. 1.— 2014.— [С. 218-221]
Hlavní autor: Барило А. Е.
Další autoři: Горбунов Р. Л. (научный руководитель)
Shrnutí:Заглавие с титульного листа.
Jazyk:ruština
Vydáno: 2014
Edice:Электронно-измерительные устройства контроля и диагностики в технике и медицине
Témata:
On-line přístup:http://www.lib.tpu.ru/fulltext/c/2014/C36/V1/080.pdf
Médium: Elektronický zdroj Kapitola
KOHA link:https://koha.lib.tpu.ru/cgi-bin/koha/opac-detail.pl?biblionumber=609210

MARC

LEADER 00000naa2a2200000 4500
001 609210
005 20231101132539.0
035 |a (RuTPU)RU\TPU\conf\6657 
035 |a RU\TPU\conf\6656 
090 |a 609210 
100 |a 20141030d2014 k y0rusy50 ca 
101 0 |a rus 
102 |a RU 
105 |a y z 101zy 
135 |a drcn ---uucaa 
181 0 |a i  
182 0 |a b 
200 1 |a Драйвер IGBT-транзистора  |f А. Е. Барило  |g науч. рук. Р. Л. Горбунов 
203 |a Текст  |c электронный 
215 |a 1 файл (470 Кб) 
225 1 |a Электронно-измерительные устройства контроля и диагностики в технике и медицине 
230 |a Электронные текстовые данные (1 файл : 470 Кб) 
300 |a Заглавие с титульного листа. 
320 |a [Библиогр.: с. 221 (5 назв.)] 
337 |a Adobe Reader 
461 1 |0 (RuTPU)RU\TPU\conf\6241  |t Неразрушающий контроль: электронное приборостроение, технологии, безопасность  |o сборник трудов IV Всероссийской научно-практической конференции студентов, аспирантов и молодых учёных, Томск, 26-30 мая 2014 г.  |o в 2 т.  |f Национальный исследовательский Томский политехнический университет (ТПУ)  |d 2014 
463 1 |0 (RuTPU)RU\TPU\conf\6243  |t Т. 1  |v [С. 218-221]  |d 2014 
610 1 |a труды учёных ТПУ 
610 1 |a электронный ресурс 
610 1 |a драйверы устройств 
610 1 |a IGBT-транзисторы 
610 1 |a широтно-импульсные преобразователи 
610 1 |a переменное напряжение 
610 1 |a переменный ток 
700 1 |a Барило  |b А. Е. 
702 1 |a Горбунов  |b Р. Л.  |4 727 
801 1 |a RU  |b 63413507  |c 20090623  |g PSBO 
801 2 |a RU  |b 63413507  |c 20141120  |g PSBO 
856 4 |u http://www.lib.tpu.ru/fulltext/c/2014/C36/V1/080.pdf 
942 |c BK